000 00812nam a2200217Ii 4500
003 JO-AjNU
008 230605s9999||||xx |||||||||||||| ||und||
017 _a1998/4/618
040 _aJO-AjNU
_bara
_erda
_cJO-AjNU
041 _aara
050 1 4 _aGV745.Q27 1998
100 3 _aحسين، قاسم حسين,
_eauthor
_918298
245 0 0 _aموسوعة الميدان والمضمار: جري - موانع - حواجز - قفز - وثب - رمى - قذف - العاب مركبة
250 _aط1
264 3 1 _aعمان: دار الفكر للطباعة والنشر والتوزيع، 1998
300 _a491ص
_b صور توضيحية
336 _atext
_btxt
_2rdacontent
337 _aunmediated
_bn
_2rdamedia
338 _avolume
_bnc
_2rdacarrier
650 4 _aالعاب القوى - الرياضة
_918299
999 _aA5826
_c9394
_d9394